000 00997nam a22003013u 4500
001 drd-56792112
003 Dreier
005 20251211123204.0
007 cr||||||||||||
008 251211b |||||||| |||| 00| 0 ger d
020 _a9798887191775
_9979-8-88719-177-5
040 _cRU-10907106
041 _aeng
100 1 _aProskurina, Vera
_4aut
_eAuthor
_925599
245 1 0 _aThe Imperial Script of Catherine the Great
_bGoverning with the Literary Pen
_cVera Proskurina
264 _a[Brighton]
_bAcademic Studies Press
_c2023
300 _a220 Seiten
336 _aText
_btxt
_2rdacontent
337 _aComputermedien
_bc
_2rdamedia
338 _aOnline-Ressource
_bcr
_2rdacarrier
500 _aE-Book / Zugriff nur im Lesesaal
600 _aKatharina <Russland, Zarin, 1729-1796>
_967955
650 _aSchriftstellerin
_922364
650 _aLiteratur
650 _aIdeologie
856 _zVolltext
_uhttps://doi.org/10.1515/9798887191775
942 _cEB
_2z
999 _c73408
_d73408